00383nam a2200157Ia 4500008004100000020001800041041000800059082002100067100001300088245002400101260003800125300000900163500001500172650001500187700002300202230125s9999 xx 000 0 und d a1-25-909738-2 aeng a658.403bJAG/KEL aJaggia S aBusiness Statistics c2013bTata McGraw HillaNew Delhi a714p aStatistics aStatistics aJaggia S & Kelly A